000 00548nam a2200169 4500
001 120449
003 ES-MaACL
005 20230906191544.0
007 t|
008 070214s1942 sp r ||||1| spa d
100 1 _aPita Suárez-Cobián, Pío.
_992400
245 1 0 _aMeteorología aeronáutica /
_cpor Pío Pita Suárez-Cobián y José Mª Lorente Pérez.
260 _aMadrid :
_bS.A.E.T.A.,
_c1942.
300 _aXI, 243 p., 4 lám. :
_bil. ;
_c25 cm.
700 1 _aLorente Pérez, José María.
_974121
852 _aES-MaACL
_jD-7161
_bR.30652
999 _c120449
_d120449